|
|
|
|
| LEADER |
00897nam a2200229 a 4500 |
| 001 |
2659942 |
| 008 |
091010s1973 njua p 000 0 eng d |
| 010 |
|
|
|a \\\72008877
|
| 020 |
|
|
|a 0131362429
|
| 020 |
|
|
|a 0131362348 (pbk.)
|
| 040 |
|
|
|a DLC
|c DLC
|d DLC
|
| 082 |
0 |
0 |
|a 371.1/02/077
|2 18
|
| 100 |
1 |
|
|a Popham, W. James.
|
| 245 |
1 |
0 |
|a Classroom instructional tactics /
|c by W. James Popham [and] Eva L. Baker.
|
| 260 |
|
|
|a Englewood Cliffs, N.J. :
|b Prentice-Hall,
|c 1973.
|
| 300 |
|
|
|a vii, 158 p. :
|b ill. ;
|c 23 cm.
|
| 541 |
1 |
|
|e 00005083
|
| 650 |
|
0 |
|a Teaching
|x Programmed instruction.
|
| 700 |
1 |
|
|a Baker, Eva L.,
|e joint author.
|
| 852 |
4 |
|
|a Ayesha Abed Library
|j General shelf
|
| 999 |
|
|
|c 4345
|d 4345
|
| 952 |
|
|
|0 0
|1 0
|2 ddc
|4 0
|6 371_102077000000000_POP_1973
|7 0
|9 4040
|a BRACUL
|b BRACUL
|c GEN
|d 2009-10-10
|g 0.00
|l 0
|o 371.102077 POP
|p 3010005083
|r 2009-10-10
|t 1
|w 2009-10-10
|y BK
|x No price found in the accession register.
|